Statistics for Top NWSL Draft Picks

Click here to take the quiz!

General Stats

  • This quiz has been taken 34 times
    (6 since last reset)
  • The average score is 15 of 110

Answer Stats

HintPick No.College TeamNWSL TeamAnswer% Correct
20231-Angel City FCAlyssa Thompson
100%
20211North CarolinaRacing Louisville FCEmily Fox
80%
20221StanfordSan Diego WaveNaomi Girma
80%
20224USCRacing Louisville FCSavannah DeMelo
80%
20201StanfordPortland Thorns FCSophia Smith
80%
20181StanfordWashington SpiritAndi Sullivan
60%
20204UCLAWashington SpiritAshley Sanchez
60%
20141North CarolinaWashington SpiritCrystal Dunn
60%
20222Florida StateRacing Louisville FCJaelin Howell
60%
20156PepperdineWestern New York FlashLynn Williams
60%
20171WisconsinBoston BreakersRose Lavelle
60%
20172BYUNorth Carolina CourageAshley Hatch
40%
20233Florida StateOrlando PrideEmily Madril
40%
20161VirginiaPortland Thorns FCEmily Sonnett
40%
20215LouisvilleRacing Louisville FCEmina Ekic
40%
20143Santa ClaraChicago Red StarsJulie Johnston
40%
20232DukeKansas City CurrentMichelle Cooper
40%
20202Washington StatePortland Thorns FCMorgan Weaver
40%
20154UCLAWestern New York FlashSam Mewis
40%
20191StanfordChicago Red StarsTierna Davidson
40%
20212Washington StateWashington SpiritTrinity Rodman
40%
20208NC StateUtah Royals FCTziarra King
40%
20153UCLAWestern New York FlashAbby Dahlkemper
20%
20206Texas A&MNorth Carolina CourageAlly Watt
20%
20164Florida StateSeattle Reign FCCarson Pickett
20%
20226VirginiaNorth Carolina CourageDiana Ordonez
20%
20223Virginia TechNorth Carolina CourageEmily Gray
20%
20178CaliforniaBoston BreakersIfeoma Onumonu
20%
20234Florida StateNJ/NJ Gotham FCJenna Nighswonger
20%
20133Boston CollegeFC Kansas CityKristie Mewis
20%
20151VirginiaHouston DashMorgan Brian
20%
20236Notre DameNorth Carolina CourageOlivia Wingate
20%
20235AlabamaPortland Thorns FCReyna Reyes
20%
20194ClemsonWashington SpiritSam Staab
20%
20182South CarolinaBoston BreakersSavannah McCaskill
20%
20203ColoradoOrlando PrideTaylor Kornieck
20%
20136Oklahoma StateWestern New York FlashAdrianna Franch
0%
202310VirginiaKansas City CurrentAlexa Spaanstra
0%
20147PortlandSeattle Reign FCAmanda Frisbie
0%
20186West VirginiaSky Blue FCAmandine Pierre-Louis
0%
20158KentuckyChicago Red StarsArin Gillian
0%
20213North CarolinaSky Blue FCBrianna Pinto
0%
202210DukeOrlando PrideCaitlin Cosme
0%
20165Notre DameHouston DashCari Roccaro
0%
201310VirginiaWashington SpiritCaroline Miller
0%
20135Florida StateBoston BreakersCasey Short
0%
20167Florida StateWashington SpiritCheyna Williams
0%
20163FloridaBoston BreakersChristen Westphal
0%
20175DukeFC Kansas CityChristina Gibbons
0%
20137Penn StateSeattle Reign FCChristine Nairn
0%
20239Florida StateNorth Carolina CourageClara Robbins
0%
20207VirginiaOrlando PrideCourtney Petersen
0%
20149StanfordWestern New York FlashCourtney Verloo
0%
20159VirginiaChicago Red StarsDanielle Colaprico
0%
20177UCLANorth Carolina CourageDarian Jenkins
0%
202110FloridaNorth Carolina CourageDeanne Rose
0%
20198North CarolinaWashington SpiritDorian Bailey
0%
20227Washington StateKansas City CurrentElyse Bennett
0%
20205South FloridaSky Blue FCEvelyne Viens
0%
201810Penn StateNorth Carolina CourageFrannie Crouse
0%
20189FloridaPortland Thorns FCGabby Seiler
0%
20199PepperdineNorth Carolina CourageHailey Harbison
0%
20192UCLASky Blue FCHailie Mace
0%
20187NebraskaHouston DashHaley Hanson
0%
20185DukeSky Blue FCImani Dorsey
0%
20157Texas TechWestern New York FlashJaelene Hinkle
0%
20168Texas TechHouston DashJanine Beckie
0%
20193StanfordWashington SpiritJordan DiBiasi
0%
20196North CarolinaSky Blue FCJulia Ashley
0%
20145Florida StateFC Kansas CityKassey Kallman
0%
20138FloridaPortland Thorns FCKat Williamson
0%
20174USCSky Blue FCKayla Mills
0%
20142North CarolinaHouston DashKealia Ohai
0%
20209Santa ClaraReign FCKelcie Hedge
0%
20214StanfordKansas City NWSLKiki Pickett
0%
202010UCFOrlando PrideKonya Plummer
0%
201510Florida StateSky Blue FCKristin Grubka
0%
20195USCNorth Carolina CourageLeah Pruitt
0%
20134BYUSky Blue FCLindsi Lisonbee Cutshall
0%
20176StanfordSeattle Reign FCMaddie Bauer
0%
20217StanfordChicago Red StarsMadison Haley
0%
201710USCSky Blue FCMandy Freeman
0%
20179HarvardBoston BreakersMargaret Purce
0%
20229Grand CanyonSan Diego WaveMarleen Schimmer
0%
20146Penn StateSky Blue FCMaya Hayes
0%
20225UCLAOrlando PrideMia Fishel
0%
20184West VirginiaSky Blue FCMichaela Abam
0%
20169Florida StateWestern New York FlashMichaela Hahn
0%
20173USCBoston BreakersMorgan Andrews
0%
20148MichiganBoston BreakersNkem Ezurike
0%
201910ButlerSky Blue FCPaige Monaghan
0%
20237Penn StateChicago Red StarsPenelope Hocking
0%
20183DukeWashington SpiritQuinn
0%
20166St. John'sHouston DashRachel Daly
0%
20139StanfordChicago Red StarsRachel Quon
0%
201410MississippiHouston DashRafaelle Souza
0%
20162Penn StateSky Blue FCRaquel Rodriguez
0%
201610CaliforniaOrlando PrideSam Witteman
0%
20188Notre DamePortland Thorns FCSandra Yu
0%
20152UCLASky Blue FCSarah Killion
0%
20155Boston CollegeChicago Red StarsStephanie McCaffrey
0%
20238CaliforniaNorth Carolina CourageSydney Collins
0%
20218USCWashington SpiritTara McKeown
0%
20197StanfordWashington SpiritTegan McGrady
0%
20132Florida StateWashington SpiritTiffany McCarty
0%
20144IllinoisChicago Red StarsVanessa DiBernado
0%
20219UCLAOrlando PrideViviana Villacorta
0%
20216TCUPortland Thorns FCYazmeen Ryan
0%
20131UCLAChicago Red StarsZakiya Bywaters
0%
20228St. John'sOL ReignZsanett Kajan
0%

Score Distribution

Percentile by Number Answered

Percent of People with Each Score

Your Score History

You have not taken this quiz since the last reset